Implementación de un Centro de cómputo para mejorar el desarrollo socioeducativo, del caserío Menéndez Zetino del Municipio y Departamento de Santa Ana (Registro nro. 21264)
[ vista simple ]
| 000 -CABECERA | |
|---|---|
| Longitud fija campo de control | 01188nam a22002417a 4500 |
| 003 - IDENTIFICADOR DELl NÚMERO DE CONTROL | |
| Identificador del número de control | OSt |
| 005 - FECHA Y HORA DE LA ÚLTIMA TRANSACCIÓN | |
| Fecha y hora de la última transacción | 20160620110126.0 |
| 008 - CÓDIGOS DE INFORMACIÓN DE LONGITUD FIJA | |
| Códigos de información de longitud fija | 150409b2011 slv spa |
| 040 ## - FUENTE DE LA CATALOGACIÓN | |
| Centro transcriptor | BMC |
| 082 ## - NÚMERO DE LA CLASIFICACIÓN DECIMAL DEWEY | |
| Númeroo de clasificación | 004.21 |
| 082 ## - NÚMERO DE LA CLASIFICACIÓN DECIMAL DEWEY | |
| Númeroo de clasificación | 021.65 |
| 100 1# - PUNTO DE ACCESO PRINCIPAL-NOMBRE DE PERSONA | |
| 9 (RLIN) | 34809 |
| Nombre de persona | Hernández Quiteño, Vicente Antonio |
| 245 10 - MENCIÓN DE TÍTULO | |
| Título | Implementación de un Centro de cómputo para mejorar el desarrollo socioeducativo, del caserío Menéndez Zetino del Municipio y Departamento de Santa Ana |
| Resto del título | : Informe final del proyecto |
| Mención de responsabilidad, etc. | Vicente Antonio Hernández Quiteño, Carlos Humberto Menéndez Guerrero |
| 260 ## - PUBLICACIÓN, DISTRIBUCIÓN, ETC. (PIE DE IMPRENTA) | |
| Lugar de publicación, distribución, etc. | Santa Ana (El Salvador) |
| Nombre del editor, distribuidor, etc. | Universidad Católica de El Salvador |
| Fecha de publicación, distribución, etc. | 2011 |
| 300 ## - DESCRIPCIÓN FÍSICA | |
| Extensión | 88 h. |
| Otras características físicas | il. col |
| Dimensiones | 28 cm |
| Material anejo | + 1 disco compacto |
| 500 ## - NOTA GENERAL | |
| Nota general | Precede al tít.: Universidad Católica de El Salvador, Facultad de Ciencias Empresariales |
| 502 ## - NOTA DE TESIS | |
| Nota de tesis | Para optar al título de Licenciado en Sistemas Informáticos Administrativos |
| 650 24 - PUNTO DE ACCESO ADICIONAL DE MATERIA - TÉRMINO DE MATERIA | |
| 9 (RLIN) | 1736 |
| Término de materia o nombre geográfico como elemento inicial | Administración de sistemas de información |
| 650 24 - PUNTO DE ACCESO ADICIONAL DE MATERIA - TÉRMINO DE MATERIA | |
| 9 (RLIN) | 4867 |
| Término de materia o nombre geográfico como elemento inicial | Sistemas de información |
| 700 1# - PUNTO DE ACCESO ADICIONAL - NOMBRE DE PERSONA | |
| 9 (RLIN) | 34810 |
| Nombre de persona | Menéndez Guerrero, Carlos Humberto |
| 710 2# - PUNTO DE ACCESO ADICIONAL - NOMBRE DE ENTIDAD | |
| 9 (RLIN) | 1067 |
| Nombre de entidad o nombre de jurisdicción como elemento inicial | Universidad Católica de El Salvador |
| Unidad subordinada | Facultad de Ciencias Empresariales |
| 942 ## - ENTRADA DE ELEMENTOS AGREGADOS (KOHA) | |
| Fuente de clasificaión o esquema | Dewey Decimal Classification |
| Koha [por defecto] tipo de item | 4- Trabajo de Graduación |
| Suprimido | Perdido | Fuente de clasificación o esquema | Estropeado | Restricciones de uso | No para préstamo | Código de colección | Localización permanente | Localización actual | Localización en estanter&íacute;as | Fecha adquisición | Fuente de adquisición | Número de inventario | Préstamos totales | Signatura completa | Código de barras | Fecha última consulta | Fecha del precio de reemplazo | Tipo de item de Koha |
|---|---|---|---|---|---|---|---|---|---|---|---|---|---|---|---|---|---|---|
| NULL | NULL | Dewey Decimal Classification | NULL | Prestable | NULL | NULL | Biblioteca Miguel de Cervantes - UNICAES | Biblioteca Miguel de Cervantes - UNICAES | Sala Principal | 08/06/2015 | Donación - Vicente Antonio Hernandez Quiteño, Carlos Humberto Menéndez Guerrero | 000649 | P-000649 | 1031660 | 08/06/2015 | 08/06/2015 | 4- Trabajo de Graduación |